Normal view
MARC view
- Khadim Hussain
Entry Personal Name
001 - CONTROL NUMBER
- control field: 9651
003 - CONTROL NUMBER IDENTIFIER
- control field: NUST
005 - DATE AND TIME OF LATEST TRANSACTION
- control field: 20180124095455.0
008 - FIXED-LENGTH DATA ELEMENTS
- fixed length control field: 180124|| aca||aabn | a|a d
040 ## - CATALOGING SOURCE
- Original cataloging agency: NUST
- Transcribing agency: NUST
100 ## - HEADING--PERSONAL NAME
- Personal name: Khadim Hussain
670 ## - SOURCE DATA FOUND
- Source citation: Work cat.: (NUST)322018: Khadim Hussain, A Stranger in my own country, 1969-71, 2012
